| 000 | 00508nam a22001577a 4500 | ||
|---|---|---|---|
| 003 | macl | ||
| 005 | 20150619153637.0 | ||
| 008 | 150619b xxu||||| |||| 00| 0 eng d | ||
| 040 | _cmacl | ||
| 082 | _a610 | ||
| 100 |
_aशास्त्री, आ चन्द्रशेखर _9285 |
||
| 245 | _aआरोग्य शास्त्र | ||
| 260 |
_aदिल्ली _bपुस्तक सदन _c2012 |
||
| 650 |
_aमेडिकल सांइस _9242 |
||
| 942 |
_2ddc _cHIN |
||
| 999 |
_c49889 _d49889 |
||